[Event "Taastrup Quick Weekend 2nd D"]
[Site "Taastrup"]
[Date "2005.11.13"]
[Round "5"]
[White "Capion, Jens"]
[Black "Wadtland, Flemming"]
[Result "0-1"]
[WhiteElo "1084"]
[BlackElo "1168"]
[PlyCount "58"]
[EventDate "2005.11.11"]
[EventType "tourn"]
[EventRounds "5"]
[EventCountry "DEN"]
[SourceTitle "EXT 2023"]
[Source "ChessBase"]
[SourceDate "2022.10.05"]
[SourceVersion "1"]
[SourceVersionDate "2022.10.05"]
[SourceQuality "1"]

1. e4 e5 2. Nf3 Nf6 3. Nc3 Bb4 4. Nxe5 Bxc3 5. dxc3 d6 6. Nf3 Nxe4 7. Qd4 Nf6 8. Bd3 b6 9. Bg5 Bb7 10. Bxf6 Qxf6 11. Qe3+ Qe7 12. Qxe7+ Kxe7 13. 0-0-0 Bxf3 14. gxf3 Nd7 15. Rhg1 g6 16. f4 f5 17. Rde1+ Kf6 18. b3 Rhe8 19. Rxe8 Rxe8 20. Bb5 Re7 21. Rg3 Nc5 22. f3 a6 23. h4 axb5 24. Rh3 Ne6 25. Rh2 Nxf4 26. Rd2 Re3 27. c4 Rxf3 28. cxb5 Rh3 29. Rd4 Ne2+ 0-1

[Event "Taastrup Quick Weekend 2nd D"]
[Site "Taastrup"]
[Date "2005.11.12"]
[Round "3"]
[White "Meldal, Peter"]
[Black "Capion, Jens"]
[Result "1-0"]
[WhiteElo "1205"]
[BlackElo "1084"]
[PlyCount "72"]
[EventDate "2005.11.11"]
[EventType "tourn"]
[EventRounds "5"]
[EventCountry "DEN"]
[SourceTitle "EXT 2023"]
[Source "ChessBase"]
[SourceDate "2022.10.05"]
[SourceVersion "1"]
[SourceVersionDate "2022.10.05"]
[SourceQuality "1"]

1. e4 c5 2. Nf3 d6 3. d4 Nf6 4. Nc3 a6 5. dxc5 Bd7 6. cxd6 exd6 7. Bd3 Nc6 8. a3 Bg4 9. Be3 Ne5 10. Be2 Nxf3+ 11. Bxf3 Qd7 12. Bd4 Bxf3 13. Qxf3 Be7 14. 0-0 0-0 15. Rfe1 b5 16. e5 Qg4 17. exf6 Qxf3 18. gxf3 Bxf6 19. Bxf6 gxf6 20. Ne4 Kg7 21. Nxd6 Rfd8 22. Ne4 Rac8 23. c3 Rb8 24. Rad1 Rxd1 25. Rxd1 a5 26. Rd5 b4 27. Rxa5 bxc3 28. bxc3 Rb3 29. Kg2 f5 30. Rxf5 Rxa3 31. c4 Kg6 32. Rg5+ Kh6 33. Rg8 Ra4 34. c5 Rc4 35. Rc8 f5 36. Nd6 Rc3 1-0

[Event "Taastrup Quick Weekend 1st C"]
[Site "Taastrup"]
[Date "2005.04.09"]
[Round "3"]
[White "Capion, Jens"]
[Black "Wadtland, Flemming"]
[Result "0-1"]
[WhiteElo "1048"]
[BlackElo "1100"]
[PlyCount "114"]
[EventDate "2005.04.08"]
[EventType "swiss"]
[EventRounds "5"]
[EventCountry "DEN"]
[SourceTitle "EXT 2023"]
[Source "ChessBase"]
[SourceDate "2022.10.05"]
[SourceVersion "1"]
[SourceVersionDate "2022.10.05"]
[SourceQuality "1"]

1. e4 c5 2. Nf3 Nc6 3. Nc3 d6 4. d4 cxd4 5. Nxd4 e6 6. Be3 Nge7 7. Qd2 a6 8. 0-0-0 Nxd4 9. Bxd4 Nc6 10. Be2 e5 11. Be3 Be6 12. h4 Qa5 13. a4 Rd8 14. Nd5 Qxd2+ 15. Rxd2 Bxd5 16. exd5 Ne7 17. Rd3 Nf5 18. Bb6 Rc8 19. Rhh3 Ne7 20. Bg4 f5 21. Be2 g6 22. Rc3 Bh6+ 23. Kb1 0-0 24. Rb3 Nxd5 25. Rhd3 Nf4 26. Rxd6 Nxe2 27. Be3 f4 28. Bd2 Rfd8 29. Bb4 a5 30. Rxd8+ Rxd8 31. Bxa5 Rd1+ 32. Ka2 Nd4 33. Rxb7 Nxc2 34. Bc3 Nd4 35. Rb8+ Kf7 36. a5 Nc6 37. Rb7+ Ke6 38. a6 Rd7 39. Rb6 Kd5 40. b4 Na7 41. Rb7 Kc6 42. Rxd7 Kxd7 43. Bxe5 Kc6 44. Bd4 Nb5 45. Kb3 Nxd4+ 46. Kc4 Nb5 47. Kd3 Bf8 48. Kc4 Bd6 49. a7 Nxa7 50. Kd4 Bxb4 51. Ke5 Bd6+ 52. Kf6 Kd5 53. f3 Be5+ 54. Kf7 Kd4 55. Kg8 Ke3 56. Kxh7 Kf2 57. g4 fxg3 0-1